000 00550cam a2200157 4500
001 ABS61123
008 000000n 000 0 eng u
035 _a(Sirsi) u101688
100 _aArmstrong, L.
245 _aBorder skirmishes.
490 _aBuilding
_v264(8099) 6 August 1999, 59(1)
520 _aConsiders the recent court decision "Beaufort Developments NI Ltd v Gilbert Ash NI Ltd", which shows that the impact of court judgements in Scotland is different to that in England and Wales.
650 _aSCOTLAND
690 _aLAW
942 _n0
999 _c60813
_d60813